Alternativní přístupy k měření nezaměstnanosti
Porovnanie merania nezamestnanosti a ekonomickej neaktivity podľa konceptu ILO a podľa prieskum realizovaným Eurostatom s názvom European Community Household Panel (ECHP). Uvedené príklady dávajú aj obraz o situácii na trhu práce v krajinách Európskej únie. Zhodnotenie konceptu ECHP.
Guardado en:
| Autor principal: | |
|---|---|
| Formato: | Capítulo de libro |
| Lenguaje: | checo |
| Materias: | |
| Etiquetas: |
Sin Etiquetas, Sea el primero en etiquetar este registro!
|
MARC
| LEADER | 00000naa a2200000 4500 | ||
|---|---|---|---|
| 001 | r043158 | ||
| 005 | 20231002093746.2 | ||
| 041 | 0 | |a cze | |
| 044 | |a CZ | ||
| 245 | 1 | 0 | |a Alternativní přístupy k měření nezaměstnanosti |c Jakub Fischer |
| 520 | |a Porovnanie merania nezamestnanosti a ekonomickej neaktivity podľa konceptu ILO a podľa prieskum realizovaným Eurostatom s názvom European Community Household Panel (ECHP). Uvedené príklady dávajú aj obraz o situácii na trhu práce v krajinách Európskej únie. Zhodnotenie konceptu ECHP. | ||
| 610 | 2 | 0 | |a nezamestnanosť |
| 610 | 2 | 0 | |a porovnanie štatistické medzinárodné |
| 610 | 2 | 0 | |a meranie práce |
| 610 | 2 | 0 | |a prieskum trhu |
| 610 | 2 | 0 | |a Európska únia |
| 100 | 1 | |a Fischer, Jakub | |